Welcome to the Holygrace Academy Library

Please use search bar below to get started

REVENGE OF THE SKULL SPIDERS (Record no. 3232)

MARC details
000 -LEADER
fixed length control field 00384nam a22001577a 4500
020 ## - INTERNATIONAL STANDARD BOOK NUMBER
ISBN 978-1-407162-25-6
082 ## - DEWEY DECIMAL CLASSIFICATION NUMBER
Classification number 823
Item number WIN/R
100 ## - MAIN ENTRY--AUTHOR NAME
Personal name WINDHAM, RYDER
245 ## - TITLE STATEMENT
Title REVENGE OF THE SKULL SPIDERS
246 ## - VARYING FORM OF TITLE
Title proper/short title REVENGE OF THE SKULL SPIDERS
Remainder of title SHORT STORY
260 ## - PUBLICATION, DISTRIBUTION, ETC. (IMPRINT)
Place of publication US
Name of publisher SCHOLASTIC INC
Year of publication 2015
300 ## - PHYSICAL DESCRIPTION
Number of Pages 121
520 ## - SUMMARY, ETC.
Summary, etc SHORT STORY
650 ## - SUBJECT ADDED ENTRY--TOPICAL TERM
Topical Term SHORT STOPY
942 ## - ADDED ENTRY ELEMENTS (KOHA)
Koha item type Books
Holdings
Withdrawn status Lost status Collection code Home library Current library Shelving location Date acquired Source of acquisition Cost, normal purchase price Full call number Accession Number Koha item type
    Fiction Main Library Main Library SHELF 4-G FAIRY TALES,COMICS 28/01/2019 Purchase 60.00 823 WIN/R 10720 Books